000 00454nam a2200181Ia 4500
008 240925s9999 xx 000 0 und d
020 _a9780007902415
082 _a822.33 SHA
100 _aShakespeare, William
245 0 _aMuch Ado About Nothing
250 _a1st
260 _alondon:
_bHarper Collins pub
_cNA
300 _a100p.
_b0
_fOriginal
500 _aNA
600 _aHumanities & Natural Science
650 _aLiterature
942 _cBK
999 _c14241
_d14241